South Eastern Kenya University

Library Online Public Access Catalogue


Benchmarks for science literacy. (Record no. 6837)

MARC details
000 -LEADER
fixed length control field 00791cam a2200169 a 4500
020 ## - ISBN
International Standard Book Number 0195089863 (acidfree paper)
050 00 - LIBRARY OF CONGRESS CALL NUMBER
Classification Number Q183.3.A1
Item Number B46 1993
245 00 - TITLE
Title Benchmarks for science literacy.
Statement of responsibility, etc American Association for the Advancement of science.
260 ## - PUBLICATION, DISTRIBUTION, ETC.(IMPRINT)
Place of publication, distribution, etc New York [USA] :
Name of publisher, distributor, etc Oxford University Press,
Date of publication, distribution, etc 1993.
300 ## - PHYSICAL DESCRIPTION
Extent xv, 418 p. :
500 ## - GENERALNOTE
General note "Project 2061, American Association for the Advancement of Science."
500 ## - GENERALNOTE
General note Includes index.
650 ## - SUBJECT--TOPIC
General subdivision Science -- study and teaching ;
-- United States ;
-- Mathematics -- study and teaching ;
-- Engineering -- study and teaching ;
-- Teachnical education.
856 42 - URL/ELECTRONIC LOCATION AND ACCESS
Uniform Resource Identifier <a href="http://www.loc.gov/catdir/enhancements/fy0604/93039107-d.html">http://www.loc.gov/catdir/enhancements/fy0604/93039107-d.html</a>
856 42 - URL/ELECTRONIC LOCATION AND ACCESS
Uniform Resource Identifier <a href="http://www.loc.gov/catdir/enhancements/fy0724/93039107-b.html">http://www.loc.gov/catdir/enhancements/fy0724/93039107-b.html</a>
942 ## - ADDED ENTRY ELEMENTS(KOHA)
Source of classification or shelving scheme Library of Congress Classification
Koha item type General circulation
Holdings
Source of classification or shelving scheme Not for loan Location (home branch) Sublocation (holding branch) Shelving location Date accessioned Cost, normal purchase price Full call number Barcode Cost, replacement price Nonpublic note Koha item type Public note
Library of Congress Classification   Main Campus Library Main Campus Library   22/07/2015 2207.00 Q183.3.A1 B46 1993 2015/003877 2427.00 Nzk General circulation Nzk
Kitui, Kenya.
+254736116989
library@seku.ac.ke